Chansons françaises commençant par un même mot - #1 - Statistiques

Statistiques générales
  • Ce quiz a été pris 16 149 fois
  • Le résultat moyen est 16 sur 20
Statistiques - réponses
Mot Titre 1 Artiste 1 Titre 2 Artiste 2 % Correct
Elle a les yeux revolver Marc Lavoine me dit Mika
97%
Non , je ne regrette rien Edith Piaf non non Camélia Jordana
97%
Petit Papa Noël Tino Rossi frère IAM
95%
Pour que tu m'aimes encore Céline Dion un flirt Michel Delpech
94%
Quand la musique est bonne Jean-Jacques Goldman on n'a que l'amour Jacques Brel
94%
Dans les yeux d’Émilie Joe Dassin ma rue Doc Gynéco
92%
Vivre pour le meilleur Johnny Hallyday ou survivre Daniel Balavoine
88%
Comme d'habitude Claude François des enfants Cœur de pirate
86%
Oui mais... Non Mylène Farmer ou non Angèle
86%
Sur la route de Memphis Eddy Mitchell un air latino Lorie
86%
Tous les mêmes Stromae les garçons et les filles Françoise Hardy
85%
Alors regarde Patrick Bruel on danse Stromae
83%
Femme que j'aime Jean-Luc Lahaye like U K-Maro
82%
Aimer jusqu'à l'impossible Tina Arena à perdre la raison Jean Ferrat
80%
Allo maman bobo Alain Souchon le monde Pauline
79%
Laisse béton Renaud pas traîner ton fils Suprême NTM
73%
Nuit magique Catherine Lara de folie Début de soirée
70%
Comment te dire adieu Françoise Hardy veux-tu que je t'aime Pascal Obispo
55%
Mon Vieux Daniel Guichard beauf Renaud
55%
Avec le temps Léo Ferré ta zouz Thérapie Taxi
34%
Aucun quiz correspondant
Distribution des résultats
% des personnes avec chaque résultat
Percentile par nombre de réponses
Votre historique - résultats
Vous n’avez pas pris ce quiz